000 00464nam a2200193Ia 4500
005 20240823032138.0
008 240823s9999||||xx |||||||||||||| ||und||
020 _a978-93-8116-241-5
041 _aENGLISH
082 _A621.402 Q2
100 _aShiv Kumar
245 0 _aFundamentals of Thermal Engineering
250 _a1st
260 _c2012
_bANE
500 _aTRANSFERED
650 _aThermal Engineering
_bMechanical
942 _cBK
999 _c192753
_d192753